000 00412nam a2200169Ia 4500
001 9327
003 IN-NITTTR
005 20251114233046.0
008 251113s9999||||xx |||||||||||||| ||eng||
040 _beng
040 _cIN-NITTTR
041 _aeng
082 _a150 M925P
100 _aMunn, Norman L.
245 0 _aPsychology :
_b the fundamentals of human adjustment /
_cMunn, Norman L.
942 _2ddc
_cBK
999 _c11964
_d11964